000 00554cam a2200217 4500
001 ABS68513
008 041215n2004 000 0 eng u
035 _a(Sirsi) u128307
245 _aFocus 2: auctions
260 _c2004
490 _aEstates Gazette
_v(0445) 6 November 2004, 85-101(8)
590 _aABS
590 _aABS
650 _aAUCTIONS
650 _aPROPERTY-COMMERCIAL PROPERTY
650 _aBUY-TO-LET
650 _aRESIDENTIAL MARKET
650 _aCOMMERCIAL AUCTIONS
690 _aCOMMERCIAL PROPERTY-MARKET
942 _n0
999 _c118448
_d118448